| 000 | 00892nas a2200301 4500 | ||
|---|---|---|---|
| 001 | BR0304630 | ||
| 003 | BR-BrBNA | ||
| 005 | 20231205104109.0 | ||
| 007 | ta | ||
| 008 | 230509b bl.|||p| |||| 00| 00por d | ||
| 040 |
_aBR-BrBNA _bpor _cBiblioteca Nacional de Agricultura |
||
| 041 | _a(Pt) | ||
| 072 | _aP33 | ||
| 100 | 1 | _aPedrotti, A. | |
| 100 | 1 | _aPauletto, E.A. | |
| 100 | 1 | _aCrestana, S. | |
| 100 | 1 | _aCruvinel, P.E. | |
| 100 | 1 | _aVaz, C.M.P. | |
| 100 | 1 | _aNaime, J. de M. | |
| 100 | 1 | _aSilva, A.M. da | |
| 245 | 1 | _aTomografia computadorizada aplicada a estudos de um planossolo | |
| 650 | _aUMIDADE DO SOLO | ||
| 650 | _aCONDUTIVIDADE HIDRÁULICA | ||
| 650 | _aTEXTURA DO SOLO | ||
| 773 | 0 |
_tPesquisa Agropecuária Brasileira (Brazil) _xISSN 0100-204X _g(Jul 2003), v. 38(7) p. 819-826 _wBR0304630 |
|
| 909 |
_a202311 _bLúcia _c55 _dLúcia Elande |
||
| 942 |
_2AGRIS _n0 _cANA |
||
| 999 |
_c176336 _d176336 |
||